000 00539nam a2200145 a 4500
001 000046145
005 20240307073950.0
008 150626s2008 dr a 000 0 spa d
040 _aDO-SdBNP
_bspa
_cBNPHU
110 1 _aRepública Dominicana.
_b Junta Central Electoral
_964605
245 1 0 _aManual para delegados ante los colegios electorales.
260 _aSanto Domingo :
_bDirección Nacional de Elecciones,
_c2008.
300 _a37 p. :
_bil. ;
_c21 cm.
500 _aEleccciones ordinarias generales presidenciales del 16 de mayo del 2008
999 _c45634
_d45634